Países que producen la mayor cantitad de aguacates - Estadísticas

Estadísticas generales
  • Esta prueba ha sido intentada 61 veces
    54 desde el último reinicio
  • La puntuación promedio es 10 de 15
Estadísticas de respuestas
Toneladas métricas País % Correcto
172 630 Estados Unidos
100%
1 889 354 Mexico
100%
195 492 Brasil
96%
309 431 Colombia
92%
455 394 Peru
87%
90 196 Venezuela
79%
122 942 China
77%
137 365 Chile
75%
122 184 Guatemala
75%
88 011 España
73%
304 938 Indonésia
67%
601 349 República Dominicana
48%
93 201 Haiti
31%
176 045 Kenia
27%
101 500 Israel
12%
No se encontraron pruebas coincidentes
Distribución de puntuación
Porcentaje de gente con cada puntuación
Porcentaje por número respondido
Historial de tus puntuaciones
No has intentado esta prueba desde el último reinicio